| 000 | 00399nam a22001337a 4500 | ||
|---|---|---|---|
| 082 |
_a621.942 _bCEN _cL-24, P-7 |
||
| 100 |
_aThe machinery publishing _942754 |
||
| 245 |
_aCentre lathe practice Part-I _cThe machinery publishing |
||
| 260 |
_aLondon _bThe machinery publishing |
||
| 300 |
_a60 p. _bill. _c20 cm. |
||
| 526 |
_a0 _b0 _c0 _d621_942000000000000_CEN |
||
| 650 |
_aMCE _9379 |
||
| 942 |
_2ddc _cBK |
||
| 999 |
_c546600 _d546600 |
||